00696nam a2200241 a 4500001001300000003000900013005001700022008004100039020001000080082001300090100003000103245003000133260004000163300000900203500003500212505001000247650002300257700003000280902000800310942000700318952011400325999001500439nice12345678IN_TiNIC20260116012605.0050524s1985 hyda grp 000 0 eng  ac10000a297bMOH aMohiuddin, Mohammed Nizam aBasic Principles of Islam aHyderabadbRajeswari Printersc1985 a127p aincludes index and biblioraphy2 aIndex aIslam-Meccan Trade1 aMohiuddin, Mohammed Nizam bSRS cBK 001040708StackRoom-aHMIbHMId2007-07-30g100.00l0o297 MOHp012454r2007-07-30v100.00w2005-05-24yBK c7571d7571